[Event "AUTO-OPEN-1723"]
[Site "http://www.queenalice.com/game.php?id=667502"]
[Date "2009.10.15"]
[Round "1"]
[White "seizen"]
[Black "jmgk"]
[Result "0-1"]
[WhiteElo "1406"]
[BlackElo "2150"]

1. e4 e5 2. Nf3 Nf6 3. Nc3 Nc6 4. Bb5 Nd4 5. Nxe5 Qe7 6. Nc4 c6 7. Ba4 b5 8. e5
bxa4 9. Nd6+ Kd8 10. O-O Nd5 11. Nxd5 cxd5 12. d3 f6 13. Qh5 g6 14. Qh4 Ne2+ 15.
Kh1 Nxc1 16. Raxc1 Qe6 17. Qxf6+ Qxf6 18. exf6 Bxd6 19. c4 dxc4 20. Rxc4 Be5 21.
Rxa4 Bxf6 22. b4 Re8 23. b5 a6 24. d4 Bb7 25. b6 Re2 26. Ra5 Bxd4 27. f3 Bxb6
28. Ra4 Bc6 29. Rb4 Kc7 30. Rfb1 Rb8 31. a4 a5 32. R4b3 Bxa4 33. Rc3+ Bc6 34.
Rcb3 a4 35. Rb4 Kd6 36. h3 Kc7 37. Rc1 a3 38. Ra4 a2 39. Kh2 Be3 40. Ra7+ Bxa7
41. Rxc6+ dxc6 0-1

[Event "AUTO-OPEN-1723"]
[Site "http://www.queenalice.com/game.php?id=667503"]
[Date "2009.10.15"]
[Round "1"]
[White "jmgk"]
[Black "seizen"]
[Result "1-0"]
[WhiteElo "2150"]
[BlackElo "1440"]

1. e4 e5 2. f4 Qh4+ 3. g3 Qf6 4. Nf3 exf4 5. d4 fxg3 6. hxg3 Nc6 7. Nc3 Bb4 8.
e5 Qe6 9. d5 Qg6 10. dxc6 d5 11. exd6 Qxg3+ 12. Ke2 Qxd6 13. Qxd6 cxd6 14. Bd2
bxc6 15. Re1 Ne7 16. Kd1 Bg4 17. Bg2 O-O 18. Rxe7 d5 19. a3 Bxc3 20. Bxc3 Bxf3+
21. Bxf3 Rad8 22. Rxa7 c5 23. Re1 d4 24. Ba5 Rd6 25. b4 c4 26. b5 d3 27. Bb4 1-0

[Event "Let's Play Chess!"]
[Site "http://www.queenalice.com/game.php?id=668336"]
[Date "2009.10.17"]
[Round "-"]
[White "therota2"]
[Black "seizen"]
[Result "1-0"]
[WhiteElo "1558"]
[BlackElo "1449"]

1. c4 e5 2. e4 Nf6 3. Nc3 Nc6 4. d3 Bb4 5. Bd2 Nd4 6. a3 Bxc3 7. bxc3 Nc6 8. c5
O-O 9. Qb3 d5 10. Be2 d4 11. c4 Be6 12. Nf3 Ng4 13. Qxb7 Na5 14. Bxa5 h6 15.
Bxc7 Qb8 16. Bxb8 1-0

[Event "Challenge"]
[Site "http://www.queenalice.com/game.php?id=668461"]
[Date "2009.10.17"]
[Round "-"]
[White "seizen"]
[Black "eli87"]
[Result "0-1"]
[WhiteElo "1314"]
[BlackElo "1755"]

1. e4 c5 2. e5 Nc6 3. Nf3 Qc7 4. Nc3 Nxe5 5. Bb5 a6 6. Bc4 Nxc4 7. O-O Nf6 8. d3
Nb6 9. Be3 e6 10. d4 d5 11. Ne5 Bd6 12. Nf3 O-O 13. Ne5 Nbd7 14. Nxd7 Bxd7 15.
dxc5 Bxc5 0-1

[Event "Challenge"]
[Site "http://www.queenalice.com/game.php?id=668464"]
[Date "2009.10.17"]
[Round "-"]
[White "seizen"]
[Black "SuwarKa"]
[Result "0-1"]
[WhiteElo "1314"]
[BlackElo "1587"]

1. e4 e5 2. Nf3 Nc6 3. Bb5 a6 4. Bxc6 dxc6 5. Nxe5 Qd4 6. Qh5 g6 7. Qg5 Qxe4+ 8.
Qe3 Qxg2 9. Rf1 Bh6 10. Qe2 Ne7 11. d4 Bxc1 0-1

[Event "Let's Play Chess!"]
[Site "http://www.queenalice.com/game.php?id=668782"]
[Date "2009.10.17"]
[Round "-"]
[White "BobySponja"]
[Black "seizen"]
[Result "1-0"]
[WhiteElo "1813"]
[BlackElo "1409"]

1. e4 e5 2. Bc4 Nf6 3. Nf3 Nc6 4. O-O Nxe4 5. d4 Nxd4 6. Nxd4 exd4 7. Qxd4 Nf6
8. Bg5 h6 9. Re1+ Be7 10. Bxf6 gxf6 11. Qxf6 d5 12. Qxh8+ Kd7 13. Qxd8+ Kxd8 14.
Bxd5 c6 15. Bxf7 Bf5 16. Nc3 Bxc2 17. Rac1 Bf5 18. Rcd1+ Bd7 19. Be6 Bf6 20.
Rxd7+ 1-0

[Event "AUTO-INT-1508"]
[Site "http://www.queenalice.com/game.php?id=679516"]
[Date "2009.11.8"]
[Round "1"]
[White "MarTraM"]
[Black "seizen"]
[Result "1-0"]
[WhiteElo "1736"]
[BlackElo "1385"]

1. d4 Nf6 2. c4 g6 3. Nc3 Bg7 4. e4 O-O 5. Nf3 Nc6 6. Bg5 d6 7. d5 Ne5 8. Nxe5
dxe5 9. Bd3 Ng4 10. h3 Nf6 11. O-O a5 12. a3 Ra6 13. c5 c6 14. Bxa6 bxa6 15.
Bxf6 Bxf6 16. Na4 cxd5 17. Qxd5 Qxd5 18. exd5 e4 19. Rfe1 Bf5 20. c6 Be5 21.
Rac1 Rd8 22. Rc5 f6 23. Rxa5 e3 24. fxe3 Bc7 25. Rxa6 Bd3 26. Ra7 Bg3 27. Rc1
Rxd5 28. c7 Bc2 29. c8=Q+ Kg7 30. Rxe7+ Kh6 31. Qxc2 1-0

[Event "AUTO-INT-1508"]
[Site "http://www.queenalice.com/game.php?id=679517"]
[Date "2009.11.8"]
[Round "1"]
[White "seizen"]
[Black "MarTraM"]
[Result "0-1"]
[WhiteElo "1354"]
[BlackElo "1738"]

1. e4 e5 2. Nf3 Nc6 3. Bb5 Nge7 4. O-O g6 5. d3 Bg7 6. Nc3 O-O 7. Bg5 Qe8 8. Nd5
Nxd5 9. exd5 Nb4 10. c4 a6 11. Ba4 c6 12. dxc6 Nxc6 13. Qe2 d6 14. b4 Qe6 15.
Rae1 h6 16. Bd2 b5 17. cxb5 axb5 18. Bxb5 Ne7 19. Rc1 Rxa2 20. Bc4 Rxd2 21. Qxd2
d5 22. Bb3 Nf5 23. Rc5 Rd8 24. Re1 Qd6 25. Rxd5 Qe7 26. Nxe5 Rxd5 27. Bxd5 Bxe5
28. g4 Nd4 29. Qxh6 Bxg4 30. Re4 Bh5 31. f4 Nf3+ 32. Kg2 Nh4+ 33. Kg3 Nf5+ 0-1

[Event "AUTO-INT-1508"]
[Site "http://www.queenalice.com/game.php?id=679524"]
[Date "2009.11.8"]
[Round "1"]
[White "seizen"]
[Black "juliosoliveira"]
[Result "0-1"]
[WhiteElo "1353"]
[BlackElo "1373"]

1. d4 c6 2. d5 Qa5+ 3. Nc3 e6 4. dxe6 fxe6 5. e4 Bb4 6. Bd2 Qb6 7. Nf3 Bc5 8.
Qe2 Nf6 9. Ne5 O-O 10. Qf3 Qxb2 11. Rd1 Qxc2 12. Qg3 Nxe4 13. Nxe4 Qxe4+ 14. Be2
Bxf2+ 15. Qxf2 Rxf2 16. Be3 Qxe3 0-1

[Event "AUTO-INT-1508"]
[Site "http://www.queenalice.com/game.php?id=679525"]
[Date "2009.11.8"]
[Round "1"]
[White "juliosoliveira"]
[Black "seizen"]
[Result "1-0"]
[WhiteElo "1305"]
[BlackElo "1382"]

1. e4 d5 2. Qf3 d4 3. Nh3 e5 4. Qh5 Nc6 5. Ng5 g6 6. Qf3 Qxg5 7. Bc4 Nb4 8.
Qxf7+ Kd8 9. Qxf8+ Kd7 10. Qxb4 Qxg2 11. Bb5+ Kd8 12. Qf8# 1-0

[Event "AUTO-OPEN-1754"]
[Site "http://www.queenalice.com/game.php?id=679669"]
[Date "2009.11.8"]
[Round "1"]
[White "jalhallib"]
[Black "seizen"]
[Result "1-0"]
[WhiteElo "1967"]
[BlackElo "1353"]

1. d4 d5 2. e3 Nc6 3. Nc3 Nf6 4. a3 e5 5. Bb5 Bd6 6. Bxc6+ bxc6 7. Nge2 e4 8. h3
O-O 9. b4 Ba6 10. O-O Qd7 11. Re1 Qf5 12. Ng3 Qg5 13. Kh2 Bc8 14. Ne2 Qh4 15.
Rf1 Ng4+ 16. Kg1 Nf6 17. f4 Bxh3 18. gxh3 Qxh3 19. Kf2 Ng4+ 20. Ke1 Nh2 21. Rh1
Nf3+ 22. Kf2 Qg4 23. Ng1 Be7 24. Nxf3 exf3 25. Qxf3 Qg6 26. f5 Qd6 27. Qh5 h6
28. Qg4 Rae8 29. Nh5 Bg5 30. Nf4 Re4 31. c3 Rfe8 32. Ra2 Bxf4 33. exf4 Re2+ 34.
Rxe2 Rxe2+ 35. Qxe2 a6 36. Qe5 Qd7 37. f6 1-0

[Event "AUTO-OPEN-1754"]
[Site "http://www.queenalice.com/game.php?id=679670"]
[Date "2009.11.8"]
[Round "1"]
[White "seizen"]
[Black "jalhallib"]
[Result "1-0"]
[WhiteElo "1354"]
[BlackElo "1971"]

1. d4 d5 2. Nf3 Nc6 3. Bf4 e6 4. e3 a6 5. Nc3 h6 6. Ne5 Nxe5 7. dxe5 Bb4 8. Bd3
d4 9. exd4 Qxd4 10. Bb5+ axb5 11. Qxd4 Bxc3+ 12. Qxc3 c6 13. O-O Ne7 14. Qc5 Nd5
15. Be3 Bd7 16. b3 b6 17. Qd6 Nxe3 18. fxe3 O-O-O 19. a4 Be8 20. Qb4 c5 21. Qe4
Rd5 22. axb5 Kb7 23. Qa4 Bxb5 24. Qxb5 Rxe5 25. Qd7+ 1-0

[Event "AUTO-OPEN-1754"]
[Site "http://www.queenalice.com/game.php?id=679681"]
[Date "2009.11.8"]
[Round "1"]
[White "BboyH"]
[Black "seizen"]
[Result "1-0"]
[WhiteElo "1871"]
[BlackElo "1354"]

1. d4 Nf6 2. Bg5 Ne4 3. Bf4 g6 4. Be5 f6 5. Bf4 d5 6. Qd3 Bf5 7. Qb5+ c6 8. Qxb7
Nd7 9. Qxc6 Rc8 10. Qa4 e6 11. c3 Qb6 12. Qb3 e5 13. Be3 Qxb3 14. axb3 Rc7 15.
Nf3 exd4 16. Nxd4 Bc5 17. f3 Bxd4 18. fxe4 Bxe3 19. exf5 gxf5 20. h4 f4 21. Ra5
d4 22. c4 Nc5 23. Rb5 a6 24. Rb8+ 1-0

[Event "AUTO-OPEN-1754"]
[Site "http://www.queenalice.com/game.php?id=679682"]
[Date "2009.11.8"]
[Round "1"]
[White "seizen"]
[Black "BboyH"]
[Result "0-1"]
[WhiteElo "1353"]
[BlackElo "1869"]

1. d4 c6 2. d5 d6 3. e4 Nf6 4. Bd3 Bg4 5. Nf3 cxd5 6. exd5 a6 7. O-O g6 8. Nc3
Bg7 9. Bg5 Nbd7 10. h3 Bxf3 11. Qxf3 Ne5 12. Qf4 Nh5 13. Qa4+ b5 14. Qe4 h6 15.
Bf4 b4 16. Qxb4 O-O 17. Bxe5 Bxe5 18. Rae1 a5 19. Qb7 Rb8 20. Qc6 Rxb2 21. Nb5
Rxa2 22. c4 Rd2 23. Be4 Kg7 24. Bf3 Nf4 25. c5 Nd3 26. Re4 Nb4 27. Qb7 Nxd5 28.
c6 Rc2 29. Rd1 e6 30. Rd3 Re8 31. Nd4 Rc1+ 32. Rd1 Rc3 33. Nb5 Re7 34. Qa6 Nb4
35. c7 Rexc7 36. Nxc7 Nxa6 0-1